Naga-ed-Dêr stelae of the first intermediate period /

محفوظ في:

المؤلف الرئيسي: Dunham, Dows, 1890- (مؤلف)

مؤلف مشترك: Museum of Fine Arts, Boston.

التنسيق: كتاب

اللغة: English

الموضوعات:

الوسوم: إضافة وسم

لا توجد وسوم, كن أول من يضع وسما على هذه التسجيلة!

رقم الطلب: ( R )DT73 .N2 D8 1937

LEADER 01015namaa2200265 4500
001 17286
003 OSt
005 20210814065053.0
008 130303s1937 enkaef g 000 0 eng d
952 |0 0  |1 0  |2 lcc  |4 0  |7 1  |9 17664  |a ARCE  |b ARCE  |d 2021-08-14  |l 0  |o ( R )DT73 .N2 D8 1937  |p 1036312  |r 2021-08-14 00:00:00  |w 2021-08-14  |y BK 
999 |c 14531  |d 14531 
010 |a 38012877 
040 |c ARCE Library 
043 |a f-ua--- 
050 0 4 |a ( R )DT73 .N2 D8 1937 
100 1 |a Dunham, Dows,  |d 1890-   |e author 
245 1 0 |a Naga-ed-Dêr stelae of the first intermediate period /  |c by Dows Dunham. 
264 1 |a London :  |b Pub. for the Museum of fine arts ;  |a Boston :  |b the Oxford university press, H. Milford,  |c 1937. 
300 |a vii, 124 pages, 1 leaf :  |b illustrations (plans) XXXIV plates, diagrams ;  |c 28 x 21 cm. 
500 |a At head of title: Museum of fine arts, Boston. 
650 0 |a Stele (Archaeology) 
651 0 |a Naga-ed-Dêr (Egypt)  |9 16324 
710 2 |a Museum of Fine Arts, Boston. 
901 |a reviewed 
942 |c BK  |2 lcc